LOGO QUIZ #2 - Statistics

General Stats
  • This quiz has been taken 15 times
  • The average score is 6 of 8
Answer Stats
Picture Answer % Correct
Boston Celtics
85%
Chicago Bulls
85%
New York Knicks
85%
Golden State Warriors
77%
Indiana Pacers
77%
New Orleans Pelicans
77%
Brooklyn Nets
54%
Philly 76ers
15%
No matching quizzes found
Score Distribution
Percent of People with Each Score
Percentile by Number Answered
Your Score History
You have not taken this quiz